| 000 | 00768nam a22002057a 4500 | ||
|---|---|---|---|
| 999 |
_c16852 _d16852 |
||
| 003 | AR-CdUCM | ||
| 008 | 190506b ||||| |||| 00| 0 spa d | ||
| 040 |
_aMUNICIPALIDAD PROVINCIAL DEL CUSCO _cBIBLIOTECA MUNICIPAL DEL CUSCO |
||
| 082 |
_a101.9 / _bM22 |
||
| 100 |
_aMondolfo, Rodolfo _94120 |
||
| 245 | _aEn los orígenes de la filosofía de la cultura / | ||
| 260 |
_aBuenos Aires : _bEdit. Imán, _c1942. |
||
| 300 |
_a171 páginas ; _c21 cm. |
||
| 505 | _aContenido: Naturaleza y cultura en os orígenes de la filosofía -- Sugestiones de la técnica en las concepciones de los naturalistas presocraticos... | ||
| 650 |
_aCultura _9126 |
||
| 650 |
_aFilosofía _9395 |
||
| 650 |
_aCiencias sociales _91096 |
||
| 942 |
_2ddc _cLIBROS |
||
| 945 |
_adavv _d06/05/2019 |
||